| 000 | 01019 a2200217 4500 | ||
|---|---|---|---|
| 005 | 20150113110301.0 | ||
| 008 | 150113b xxu||||| |||| 00| 0 spa d | ||
| 040 |
_aCO-BoIAVH _cCO-BoIAVH |
||
| 041 | _aspa | ||
| 090 |
_aIAVH _b01375 |
||
| 100 |
_aRuiz, Jorge _93325 |
||
| 245 |
_aEstructura y estimación no paramétrica de la riqueza total de especies del bosque seco tropical a través de una cronosecuencia teledetectada de más de 60 años en la Isla de Providencia, Colombia: _bInforme Ejecutivo |
||
| 260 |
_aBogota _bInstituto Alexander Von Humboldt _c2009 |
||
| 300 | _a6 p. | ||
| 650 |
_aBosque seco tropical _931350 |
||
| 650 |
_aRiqueza de especies _93326 |
||
| 651 |
_aProvidencia _931351 |
||
| 662 | _aColombia | ||
| 773 | 0 |
_aRuiz, Jorge _dBogot Ìnstituto Alexander Von Humboldt 2009 _tEstructura y estimacin̤ no paramťrica de la riqueza total de especies del bosque seco tropical a travš de una cronosecuencia teledetectada de ms̀ de 60 aǫs en la Isla de Providencia, Colombia |
|
| 942 |
_2z _cINFORME |
||
| 999 |
_c8958 _d8958 |
||